| 000 | 00912nam a22002537a 4500 | ||
|---|---|---|---|
| 005 | 20160301144212.0 | ||
| 010 | _a1516ENO7 ENG-114950 | ||
| 020 |
_a9789332550018 _c625.00 |
||
| 035 | _aB-613682-701 | ||
| 035 | _aEN-98482 | ||
| 037 |
_aDPL _bTechniz |
||
| 037 | _bDBAD/PUB | ||
| 082 | _a005.43 | ||
| 100 | _aTanenbaum, Andrew S. | ||
| 245 |
_aModern operating systems / _cby Andrew S.Tanenbaum |
||
| 250 | _a3rd ed | ||
| 260 |
_aNoida _bPearson Education _c2015 |
||
| 270 |
_a7th Floor,Knowledge Boulevard,A-(A) Sector-62, _bNoida _e201309 |
||
| 300 |
_axxvii,1076p.: _bill. _c25cm(pbk) |
||
| 500 | _aIncludes bibliographical references and index | ||
| 650 | _a Operating systems (Computers) | ||
| 942 |
_2ddc _cEN _h005.43 _mTAN |
||
| 999 |
_c95818 _d95818 |
||